• 首页
  • 本馆介绍
  • 公告通知
  • 最新文献
  • 馆藏检索
  • 电子资源
  • 读者导购
  • 参考咨询
  • 我的图书馆
  • 登录
  • 详细信息显示
  • 放入我的书架
  • 预约/预借图书
  • 作者相关作品
  • 分类相关作品
  • 丛书相关作品
  • 出版社相关作品

书目信息

  • 表格格式
  • 工作单格式
  • 卡片格式
题名:
电子技术基础
    
 
作者: 康华光 主编
分册:   数字部分
出版信息: 北京   高等教育出版社  1988.10
页数: 438页
开本: 20cm
丛书名:
单 册:
中图分类: TN101 , TN1
科图分类:
主题词: 真空电子技术
电子资源:
ISBN: 7-04-001622-2
000 00763nam0 2200265 45
001 0189029735
005 20070718075731.90
010    @a7-04-001622-2@dCNY12.80
020    @aCN@b89029735
100    @a19911017d1988 em y0chiy0120 ea
101 0  @achi
102    @aCN@b110000
105    @ay z 000yy
200 10 @a电子技术基础@Adian zi ji shu ji chu@i数字部分@Ishu zi bu fen@f康华光主编@Fkang hua guang zhu bian
205    @a3版
210    @a北京@c高等教育出版社@d1988.10@h1998
215    @a438页@d20cm
300    @a高等学校教材
540 1  @a电子技术@Adian zi ji shu
606 0  @a真空电子技术
690    @aTN101
690    @aTN1@v1980
701  0 @a康华光@Akang hua guang@4主编
801  0 @aCN@bNLC@c20070718
905    @f2@b280807-808@dTN101@e15:2=3
    
    电子技术基础.数字部分/康华光主编.-3版.-北京:高等教育出版社,1988.10(1998)
    438页;20cm
    高等学校教材
    
    ISBN 7-04-001622-2:CNY12.80
    
●
相关链接 在E读中查询图书 在五车中查询图书 在当当中查询图书 在豆瓣中查询图书


正题名:电子技术基础     索取号:TN101/15:2=3         预约/预借

序号 登录号 条形码 馆藏地/架位号 状态 备注
1 0280807   002808073   第三借阅区/ [索取号:TN101/15:2=3] 在馆    
2 0280808   002808082   第三借阅区/ [索取号:TN101/15:2=3] 在馆    
3 0401527   204015270   密集书库/ [索取号:TN101/15:2=3] 在馆    
4 0401528   204015289   密集书库/ [索取号:TN101/15:2=3] 在馆    
5 0401529   204015298   密集书库/ [索取号:TN101/15:2=3] 在馆    
6 0401530   204015305   密集书库/ [索取号:TN101/15:2=3] 在馆    
7 0401531   204015314   密集书库/ [索取号:TN101/15:2=3] 在馆    
8 0401532   204015323   密集书库/ [索取号:TN101/15:2=3] 在馆    
9 0401533   204015332   密集书库/ [索取号:TN101/15:2=3] 在馆    
10 0401534   204015341   密集书库/ [索取号:TN101/15:2=3] 在馆    
11 0401535   204015350   密集书库/ [索取号:TN101/15:2=3] 在馆    
12 0401536   204015369   密集书库/ [索取号:TN101/15:2=3] 在馆    
13 0401537   204015378   密集书库/ [索取号:TN101/15:2=3] 在馆    
14 0401538   204015387   密集书库/ [索取号:TN101/15:2=3] 在馆    
15 0401539   204015396   密集书库/ [索取号:TN101/15:2=3] 在馆    
16 0401540   204015403   密集书库/ [索取号:TN101/15:2=3] 在馆    
17 0401541   204015412   密集书库/ [索取号:TN101/15:2=3] 在馆    
18 0401542   204015421   密集书库/ [索取号:TN101/15:2=3] 在馆    
19 0401543   204015430   密集书库/ [索取号:TN101/15:2=3] 在馆    
20 0401544   204015449   密集书库/ [索取号:TN101/15:2=3] 在馆    
21 0654405   206544051   库房3/ [索取号:TN101/15:2=3] 在馆    
22 0654406   206544060   库房3/ [索取号:TN101/15:2=3] 在馆    
23 0654407   206544079   库房3/ [索取号:TN101/15:2=3] 在馆    
24 0767082   207670821   密集书库/ [索取号:TN101/15:2=3] 在馆    
唐山师范学院图书馆 欢迎您!
大连网信软件有限公司© 版权所有